000
00322nam a2200145Ia 4500
008
200615s9999||||xx |||||||||||||| ||und||
020
_a
9789350061404
082
_a
650
_b
SAL-D
100
_a
DK,AGARWAL
245
0
_a
SALES AND DIDTRIBUTION MANAGEMENT
250
_a
5TH
260
_c
2016
300
_a
290
942
_c
BK
999
_c
28253
_d
28253